| 000 | 00465nam a22001817a 4500 | ||
|---|---|---|---|
| 003 | NUST - PNEC | ||
| 005 | 20170116181044.0 | ||
| 008 | 150923b xxu||||| |||| 00| 0 eng d | ||
| 020 | _a007099059X | ||
| 040 | _cLIBRARY | ||
| 082 | _a621.815 HAL | ||
| 100 |
_911674 _aHolowenko, |
||
| 245 |
_aSchaum's outline of theory and problems of machine design _cHolowenko, |
||
| 250 | _a- | ||
| 260 | _cc1961. | ||
| 650 |
_911675 _aMachine design _xME |
||
| 942 |
_2ddc _cBK |
||
| 999 |
_c68182 _d68182 |
||